European Separatist Movements - Statistics

General Stats
  • This quiz has been taken 23 times
  • The average score is 18 of 28
Answer Stats
Picture Hint Answer % Correct
Denmark Greenland
95%
Georgia Abkhazia
89%
Germany Bavaria
89%
France Corsica
89%
Denmark Faroe Islands
89%
Belgium Flanders
89%
Finland Aland
84%
Cyprus Northern Cyprus
84%
Italy Sardinia
84%
Italy Sicily
84%
Georgia South Ossetia
84%
Moldova Transnistria
84%
Belgium Wallonia
84%
Spain Basque Country
79%
France Brittany
74%
France Normandy
68%
Italy Lombardy
63%
Italy Veneto
63%
Italy Tuscany
58%
France Occitania
47%
Germany Saxony
47%
Moldova Gagauzia
37%
Italy Liguria
37%
Georgia Adjara
32%
Italy Aosta Valley
32%
Bosnia and Herzegovina Republika Srpska
26%
Azerbaijan Talysh-Mughan
11%
Italy Friuli-Venezia Giulia
5%
No matching quizzes found
Score Distribution
Percent of People with Each Score
Percentile by Number Answered
Your Score History
You have not taken this quiz